Štruktúra a vlastnosti zinkových vrstiev na vybraných typoch ocelí = Structure and properties of zink layers on selected kind of steel : Diplomová práca

Salvato in:
Dettagli Bibliografici
Autore principale: Maďar, Peter (Autore)
Altri autori: Čaplovič, Ľubomír, 1955- (xxx)
Natura: Manoscritto Libro
Lingua:slovacco
Pubblicazione: Trnava : STU v Bratislave MTF UMAT, 2009
Soggetti:
Tags: Aggiungi Tag
Nessun Tag, puoi essere il primo ad aggiungerne!!

MARC

LEADER 00000ntm a22000003a 4500
001 stu186208
005 20160719160111.5
008 090629s2009----xo------------------slo-d
040 |a STU  |b slo 
041 0 |a slo 
044 |a xo 
100 1 |a Maďar, Peter  |4 aut 
245 1 |a Štruktúra a vlastnosti zinkových vrstiev na vybraných typoch ocelí = Structure and properties of zink layers on selected kind of steel :  |b Diplomová práca 
260 |a Trnava :  |b STU v Bratislave MTF UMAT,  |c 2009 
300 |a 70 s  |c 1 CD-ROM 
500 |a Študijný program: technické materiály 
500 |a Študijný odbor: 5.2.26 materiály 
650 7 |a žiarové zinkovanie  |2 stusub 
700 1 |a Čaplovič, Ľubomír,  |d 1955-  |4 xxx  |u M1000  |U MTF Materiálovotechnologická fakulta  |T MTF Ústav materiálov  |X 315  |U M1000  |Y 81  |7 A000000315 
700 1 |a Sedlická, Viktória,  |d 1956-  |4 csl  |u M1000  |U MTF Materiálovotechnologická fakulta  |T MTF Ústav materiálov  |X 1527  |U M1000  |Y 81  |7 A000001527 
996 |b 284M070604  |c M*DP-7949  |l MMSKP  |s P  |a 0  |w stu186208_0001